00672cam a2200205 a 450000100100000000500170001000800410002704000230006808200150009110000180010624500600012426000610018430000310024549000340027650400400031065000190035065000380036965000240040783000350043100000595720200929151847.0731005s1969 mx a 001 0 spa  aDO-SdBNPcOCUdDLC a985bS684a1 aSolc, Vaclav.14aLos aymaras de las islas del Titicaca /cVáclav Solc. aMéxico :bInstituto Indigenista Interamericano,c1969. ax, 194 p. :bil. ;c19 cm.1 aAntropología socialvno. 12 aIncluye bibliografía: p. 193-194. 4aIndios aymaras 4aAymarasxVida social y costumbres 4aIndios de bolívia 0aAntropología social,vno. 12